00520nam a2200193 i 4500001001100000003000500011005001700016008004100033040002500074245002700099264005100126336002100177337002500198338002300223500001200246700001100258700002700269700003000296C2-0277593PPAK20180729000552.0070122s2006 my |||| ||||| | eng d aPPAKbengcPPAKerda10aMission Impossible III 1aKuala Lumpur : bParamount Pictures , c[2006] 2rdacontentatext 2rdamediaaunmediated 2rdacarrieravolume a1567/06 eauthor1 aAbrams, J.J, ecompile1 aMarkey, Mary Jo, eeditor